[Event "Goodricke op 08th"]
[Site "Kolkata"]
[Date "1997.??.??"]
[Round "4"]
[White "Ganguly, Surya Shekhar"]
[Black "Sanjoy, Bhattacharya"]
[Result "1/2-1/2"]
[WhiteElo "2265"]
[BlackElo "2170"]
[PlyCount "40"]
[EventDate "1997.02.??"]
[EventType "swiss"]
[EventRounds "11"]
[EventCountry "IND"]
[SourceTitle "CBM 056 Extra"]
[Source "ChessBase"]
[SourceDate "1997.03.01"]
[SourceVersion "1"]
[SourceVersionDate "1997.03.01"]
[SourceQuality "1"]

1. Nf3 d5 2. g3 Bg4 3. Ne5 Bf5 4. d4 Nd7 5. Bg2 c6 6. 0-0 Ngf6 7. c4 e6 8. Nc3 Be7 9. h3 h6 10. b3 0-0 11. Bb2 a5 12. Kh2 Qc7 13. f4 Bb4 14. Nxd7 Nxd7 15. Nb1 Be7 16. Nc3 Bb4 17. Nb1 Be7 18. Nd2 Nf6 19. a3 Rfd8 20. Qb1 Qb6 1/2-1/2

[Event "Goodricke op 08th"]
[Site "Kolkata"]
[Date "1997.??.??"]
[Round "9"]
[White "Kiran, Panditrao"]
[Black "Sanjoy, Bhattacharya"]
[Result "1/2-1/2"]
[WhiteElo "2280"]
[BlackElo "2170"]
[PlyCount "90"]
[EventDate "1997.02.??"]
[EventType "swiss"]
[EventRounds "11"]
[EventCountry "IND"]
[SourceTitle "CBM 056 Extra"]
[Source "ChessBase"]
[SourceDate "1997.03.01"]
[SourceVersion "1"]
[SourceVersionDate "1997.03.01"]
[SourceQuality "1"]

1. e4 e6 2. d4 d5 3. Nd2 dxe4 4. Nxe4 Nd7 5. Nf3 Ngf6 6. Bd3 Nxe4 7. Bxe4 Nf6 8. Bd3 c5 9. 0-0 cxd4 10. Nxd4 Be7 11. b3 0-0 12. Bb2 a6 13. Re1 Qc7 14. Qf3 Rd8 15. Qh3 Rd5 16. Nf3 Rh5 17. Be5 Bd6 18. Qg3 Bxe5 19. Nxe5 Nd7 20. f4 Nxe5 21. Rxe5 Rxe5 22. fxe5 Bd7 23. Qh4 g6 24. Qf6 Bc6 25. Rf1 Rf8 26. h4 Qd8 27. Qf4 Bb5 28. Rf3 Bxd3 29. Rxd3 Qb6+ 30. Kh2 Rd8 31. Rd6 Rxd6 32. exd6 Kf8 33. Qe5 Ke8 34. c4 Qf2 35. Kh3 Kd7 36. c5 Qf5+ 37. Qxf5 gxf5 38. Kg3 e5 39. Kf3 f4 40. b4 h5 41. Ke4 Ke6 42. a4 f5+ 43. Kd3 Kd7 44. Kc3 Kc6 45. Kd3 Kd7 1/2-1/2